000 00470nam a2200157Ia 4500
008 230718s9999 xx 000 0 und d
041 _aeng
082 _a600
_bKUL
100 _aKulkarni A.D.
245 _aApplied Science - I
260 _c2003
_bTech Max
300 _dRef 702 E (16327), Ref 196 G (17886), Ref 197 G (17916)
365 _cRs.
_b170.00
700 _aKulkarni A.D., Walekar V.K, Deshpande M.S. & Shukla S.N.
906 _dB:1692312-Mar-2003
_cETC
_b15
999 _c305120
_d305120